000 00762nam a22001817a 4500
003 OSt
005 20251211081708.0
008 251211b |||||||| |||| 00| 0 eng d
020 _a978-0-689-85936-6
040 _aDWCL - Main Lib
_cOC
082 _aFic. D615s 2003
100 _aDiterlizzi, Tony and Holly Black
245 _aThe spiderwick chronicles 1:
_bthe field guide /
_cTony Diterlizzi and Black Holly
260 _aNew York:
_bSimon and Schuster books for young readers,
_cc2003.
300 _a107 p.:
_bill.;
_c18 cm.
520 _bWhen the Grace children go to stay at their great-aunt Lucinda's worn Victorian house, they discover a field guide to fairies and other creatures and begin to have some unusual experiences.
942 _2ddc
_cFIC.
_mFic.
_n0
999 _c7039
_d7039